Náhrada škody v podnikateľských vzťahoch

Právnu úprava náhrady škody v obchodných vzťahoch obsahuje Obchodný zákonník v ustanoveniach ­ 373 až 386. Spôsob realizácie náhrady škody v podnikateľských vzťahoch založenej na úprave Obchodného zákonníka. Vylúčenie zodpovednosti podnikateľa. Porušenie povinnosti treťou osobou. Podiel poškodeného...

ver descrição completa

Na minha lista:
Detalhes bibliográficos
Autor principal: Feketeová, Anna
Formato: Capítulo de Livro
Idioma:eslovaco
Assuntos:
Tags: Adicionar Tag
Sem tags, seja o primeiro a adicionar uma tag!

MARC

LEADER 00000naa a2200000 4500
001 r034401
005 20230919114157.9
041 0 |a slo 
044 |a SK 
245 1 0 |a Náhrada škody v podnikateľských vzťahoch  |c Anna Feketeová 
520 |a Právnu úprava náhrady škody v obchodných vzťahoch obsahuje Obchodný zákonník v ustanoveniach ­ 373 až 386. Spôsob realizácie náhrady škody v podnikateľských vzťahoch založenej na úprave Obchodného zákonníka. Vylúčenie zodpovednosti podnikateľa. Porušenie povinnosti treťou osobou. Podiel poškodeného na vzniku škody. Zodpovednosť za škodu viacerými podnikateľmi. 
610 2 0 |a náhrada škody 
610 2 0 |a vzťahy zmluvné 
610 2 0 |a podnikatelia 
610 2 0 |a záväzky 
610 2 0 |a škody 
610 2 0 |a vzťahy obchodné 
610 2 0 |a Slovensko 
610 2 0 |a zákony 
100 1 |a Feketeová, Anna